International Flights from Florida - Statistics

General Stats
  • This quiz has been taken 112 times
    85 since last reset
  • The average score is 70 of 134
Answer Stats
Answer % Correct
Miami
92%
Orlando
87%
Tampa
87%
London
83%
London (Canada)
83%
Fort Lauderdale
80%
São Paulo
80%
Amsterdam
78%
Brasília
78%
Buenos Aires
78%
Oslo
78%
Paris
78%
Rio de Janeiro
78%
Santiago de Chile
78%
Santiago de los Caballeros
78%
Toronto
78%
Bogotá
77%
Lima
77%
Madrid
77%
Mexico City
77%
Vancouver
77%
Frankfurt
75%
Lisbon
75%
Nassau
75%
Stockholm
75%
Barcelona
73%
Brussels
73%
Montréal
73%
Rome
72%
San José
72%
Cancún
70%
Dubai
70%
Dublin
70%
Helsinki
70%
Istanbul
70%
Manchester
70%
Moscow
70%
Panama City
70%
Zürich
70%
Guatemala City
68%
Kingston
68%
Milan
68%
Münich
68%
Warsaw
68%
Calgary
67%
Edmonton
67%
Havana
67%
Doha
65%
Guadalajara
65%
Quebéc City
65%
Copenhagen
63%
Manágua
63%
Medellín
63%
Quito
63%
Reykjavík
63%
San Salvador
63%
Santo Domingo
63%
Ottawa
62%
Monterrey
60%
Port-au-Prince
58%
Edinburgh
57%
Manaus
57%
Montevidéo
57%
Belize City
55%
Casablanca
55%
Fortaleza
55%
Glasgow
55%
Paramaribo
55%
Recife
55%
Tegucigalpa
55%
Birmingham
53%
Cali
53%
Port of Spain
53%
Punta Cana
53%
Belo Horizonte
52%
Fort Myers
52%
George Town
52%
Georgetown
52%
Guayaquil
52%
Halifax
52%
Winnipeg
52%
Belém
50%
Grand Cayman
50%
Tel Aviv
50%
Antígua
48%
Cartagena
48%
Curaçao
48%
Grenada
47%
Montego Bay
47%
Saint Petersburg/Clearwater
47%
Barranquilla
45%
Düsseldorf
45%
Salvador
45%
Saint John's
43%
Saint Kitts
42%
Barbados
40%
Saint Lucia
40%
St. Maarten
40%
Campinas
38%
Saint Vincent
38%
San Pedro Sula
38%
Sarasota
38%
Belfast
37%
Bermuda
33%
Saskatoon
33%
Bristol
32%
Hamilton
30%
Liberia
30%
Regina
30%
Bonaire
28%
Cozumel
28%
Freeport
28%
Mérida
27%
Roatán
23%
Bucaramanga
22%
Newcastle upon Tyne
22%
Oranjestad
22%
Providenciales
22%
Puerto Plata
22%
Fort-de-France
18%
Palm Beach
17%
Santa Cruz de la Sierra
17%
Moncton
15%
Pointe-à-Pitre
15%
Armenia
13%
Cayman Brac
13%
Marsh Harbour
13%
North Eleuthera
13%
Cap-Haïtien
12%
Pereira
12%
South Bimini
8%
Doncaster/Sheffield
7%
Governor's Harbour
3%
New Bight
0%
No matching quizzes found
Score Distribution
Percent of People with Each Score
Percentile by Number Answered
Your Score History
You have not taken this quiz since the last reset